मोती बीं. ए. ग्रन्थावली 9 खण्ड (Record no. 169975)

MARC details
000 -LEADER
fixed length control field 00464nam a2200145Ia 4500
008 - FIXED-LENGTH DATA ELEMENTS--GENERAL INFORMATION
fixed length control field 230917s9999||||xx |||||||||||||| ||und||
040 ## - CATALOGING SOURCE
-- 197467
Original cataloging agency VIVEKANANDA LIBRARY
041 ## - Language
-- English
082 ## - DDC NUMBER
Classification number 891.431711 MO857:SR
100 ## - MAIN ENTRY--PERSONAL NAME
Personal name शुक्ल, रामदेव
245 #0 - TITLE STATEMENT
Title मोती बीं. ए. ग्रन्थावली 9 खण्ड
260 ## - PUBLICATION, DISTRIBUTION, ETC. (IMPRINT)
Place of publication, distribution, etc नई दिल्ली
Name of publisher, distributor, etc नमन प्रकाशन
Date of publication, distribution, etc 2011
300 ## - PHYSICAL DESCRIPTION
Pages v. p.
942 ## - ADDED ENTRY ELEMENTS (KOHA)
Koha item type Hindi Books
Holdings
Withdrawn status Lost status Damaged status Not for loan Location (home branch) Sublocation or collection (holding branch) Date acquired Koha issues (times borrowed) Koha full call number Accession No. Koha date last seen Koha item type
        VIVEKANANDA LIBRARY VIVEKANANDA LIBRARY 27/03/2012   891.431711 MO857:SR 317235 17/09/2023 Hindi Books
        VIVEKANANDA LIBRARY VIVEKANANDA LIBRARY 27/03/2012   891.431711 MO857:SR 317236 17/09/2023 Hindi Books
        VIVEKANANDA LIBRARY VIVEKANANDA LIBRARY 27/03/2012   891.431711 MO857:SR 317237 17/09/2023 Hindi Books
        VIVEKANANDA LIBRARY VIVEKANANDA LIBRARY 27/03/2012   891.431711 MO857:SR 317238 17/09/2023 Hindi Books
        VIVEKANANDA LIBRARY VIVEKANANDA LIBRARY 27/03/2012   891.431711 MO857:SR 317239 17/09/2023 Hindi Books
        VIVEKANANDA LIBRARY VIVEKANANDA LIBRARY 27/03/2012   891.431711 MO857:SR 317240 17/09/2023 Hindi Books
        VIVEKANANDA LIBRARY VIVEKANANDA LIBRARY 27/03/2012   891.431711 MO857:SR 317241 17/09/2023 Hindi Books
        VIVEKANANDA LIBRARY VIVEKANANDA LIBRARY 27/03/2012   891.431711 MO857:SR 317242 17/09/2023 Hindi Books
        VIVEKANANDA LIBRARY VIVEKANANDA LIBRARY 27/03/2012   891.431711 MO857:SR 317243 17/09/2023 Hindi Books
© Designed and Maintained by Vivekananda Library, MDU Rohtak